عرض عادي عرض مارك
  • War poetry, English

مدخل مصطلح موضوعي

عدد التسجيلات المستخدمة في: 2

001 - رقم الضبط

  • حقل الضبط: 8246

003 - معرف رقم الضبط

  • حقل الضبط: OSt

005 - تاريخ ووقت أخر عملية

  • حقل الضبط: 20111214095441.0

008 - عناصر بيانات ثابتة الطول

  • حقل تحكم ثابت الطول: 111214|||a|||||| | ||| d

040 ## - مصدر الفهرسة

  • هيئة الفهرسة الأصلية: OSt
  • وكالة الكتابة: OSt

150 ## - مدخل-- مصطلح تاريخي

  • عنصر مدخل المصطلح الموضوعي او الاسم الجغرافي: War poetry, English
  • تفريع عام: History and criticism.

670 ## - بيانات المصدر موجوده

  • الاستشهاد بالمصدر: Work cat.: (OSt)20830: Kendall, Tim, 1970- 8244, Modern English war poetry /, 2010.